[Event "XIX Sants Open 2017"]
[Site "Cotxeres de Sants"]
[Date "2017.08.25"]
[Round "8"]
[White "Garriga Cazorla, Pere"]
[Black "Valsecchi, Alessio"]
[Result "1/2-1/2"]
[WhiteElo "2405"]
[BlackElo "2493"]
[Annotator "TA"]
[PlyCount "98"]
[EventDate "2017.??.??"]
[EventType "swiss"]
[EventCountry "ESP"]
[SourceTitle "playchess.com"]
[Source "ChessBase"]
[SourceQuality "1"]

{[%evp 26,98,47,47,112,92,135,109,120,117,102,107,130,106,126,96,93,65,61,46,54,10,26,7,54,47,45,28,47,29,47,0,-12,-53,-57,-77,-75,-240,-223,-220,-233,-237,-224,-240,-197,-414,-422,-445,-448,-579,-569,-541,-519,-662,-658,-642,-657,-612,-571,-624,-612,-699,-487,-470,-446,-684,-684,-684,-679,-666,-658,-29962,-29958,-29979,-29978]} 1. d4 Nf6 2. c4 e6 3. Nc3 d5 4. Nf3 c6 5. e3 Nbd7 6. Qc2 Bd6 7. Bd3 O-O 8. O-O dxc4 9. Bxc4 b5 10. Be2 Bb7 11. e4 e5 12. dxe5 {D46: Semi-Slav: 5 e3 Nbd7 6 Bd3, Black avoids the Meran} Nxe5 13. Nd4 Ng6 14. Nf5 {[#] LiveBook: 9 Games. And now Rd1 would win.White is slightly better.} Bc7 $146 {[#]} (14... Qb8 $14) ({Predecessor:} 14... Be5 15. f4 Bxc3 16. bxc3 c5 17. Bf3 c4 18. e5 Bxf3 19. exf6 Bb7 20. fxg7 {0-1 (56) Moiseenko,A (2707)-Kasimdzhanov,R (2693) Poznan 2014}) 15. Bg5 $1 $16 Re8 16. Rad1 Qb8 17. Bxf6 gxf6 18. g3 {Threatens to win with Qc1.} Bc8 19. Bg4 Be6 20. Qc1 {[#] Hoping for Qh6.} Kh8 21. Nh6 Re7 22. Bf5 Ne5 {[%cal Bg6e5,Be5c4,Bc4e3][%mdl 32]} 23. f4 Nc4 24. Kh1 Bb6 25. Bxe6 fxe6 26. Ng4 {With the idea Na4!} Rg7 27. Nxf6 {aiming for Rf3.} Ne3 28. Nh5 (28. e5 $14) 28... Rf7 $11 {[%cal Bg7f7,Bf7f8,Bf8d8][%mdl 32]} 29. Ne2 Qe8 30. Qc3+ e5 $1 31. Rfe1 $2 (31. b3 $17) 31... Rf8 $19 32. Qxe5+ Qxe5 33. fxe5 Nxd1 34. Rxd1 Rae8 35. Nf6 $2 (35. Nef4 {might work better.} Rxe5 36. Re1) 35... Rxe5 36. Nd7 Rd8 37. Nxe5 Rxd1+ {[%mdl 4096] Endgame KRB-KNN} 38. Kg2 Rd2 39. Kf3 Rxb2 40. Nxc6 Rxa2 41. e5 Bc5 42. e6 Kg7 43. Nf4 Kf6 44. Ke4 Rd2 45. g4 (45. Nd3 $142 Bb6 46. Nf4) 45... b4 {[%cal Bb5b4,Bb4b3,Bb3b2][%mdl 32]} 46. h4 b3 47. g5+ Kg7 {...b2 is the strong threat.} 48. Nh5+ Kf8 49. Nf6 b2 {[%mdl 32768] Precision: White = 39%, Black = 83%. . An unexpected result.} 1/2-1/2

[Event "XIX Sants Open 2017"]
[Site "Cotxeres de Sants"]
[Date "2017.08.25"]
[Round "8"]
[White "Martin, Julian"]
[Black "Grigoryan, Karen H"]
[Result "1-0"]
[WhiteElo "2353"]
[BlackElo "2570"]
[Annotator "TA"]
[PlyCount "63"]
[EventDate "2017.??.??"]
[EventType "swiss"]
[EventCountry "ESP"]
[SourceTitle "playchess.com"]
[Source "ChessBase"]
[SourceQuality "1"]

{[%evp 14,63,37,36,60,51,58,36,50,35,37,52,56,41,44,53,73,59,116,118,96,111,254,247,768,743,778,770,795,771,1355,1351,1327,1269,1270,742,1190,755,738,704,1704,1531,1891,1825,1616,1616,29982,29983,29985,29986,29986,29987]} 1. e4 c5 2. Nf3 d6 3. d4 cxd4 4. Nxd4 Nf6 5. Nc3 a6 6. h3 g6 7. g4 {[%cal Bg2g4,Bg4g5][%mdl 32]} Bg7 8. Be3 {LiveBook: 47 Games. B90: Sicilian Najdorf: Unusual White 6th moves, 6 Be3 Ng4 and 6 Be3 e5} h5 {[%cal Rh5g4]} (8... O-O 9. Qd2 b5 10. O-O-O Bb7 11. f3 b4 12. Nce2 Nbd7 13. h4 Rc8 14. h5 Nxe4 15. fxe4 Bxe4 {½-½ (38) Hovhannisyan,R (2631)-Andriasian,Z (2621) Yerevan 2017}) 9. g5 Nfd7 10. Qd2 {White is slightly better.} O-O 11. O-O-O b5 12. f4 Bb7 13. Bg2 $146 {[%mdl 2048] Black is under pressure.} ({Predecessor:} 13. f5 Nc6 14. fxg6 fxg6 {1-0 (45) Vakhlamov,I (2281)-Lavretzkij,R (2303) Kostroma 2010}) 13... Nb6 14. b3 $1 b4 {[#]} 15. Nd5 $1 Nxd5 (15... N8d7 $1 $14) 16. exd5 $16 Qa5 17. Kb1 Rc8 (17... Kh7 $16 {might work better.}) 18. f5 $18 {And now fxg6 would win.} Rc5 $2 (18... Nd7) 19. fxg6 fxg6 20. Qd3 Kh7 21. Be4 (21. Ne6 $2 {[#]} Qxa2+ $1 {[%mdl 512]} 22. Kc1 (22. Kxa2 $2 Ra5+ 23. Kb1 Ra1#) 22... Qb2+ 23. Kd2 Rc3 $19) 21... Bxd5 22. Bxg6+ Kg8 23. Rhf1 ({And not} 23. Nf5 Qxa2+ 24. Kc1 (24. Kxa2 $2 Ra5+ 25. Kb1 Ra1#) 24... Bc3 $11) 23... Nd7 24. Bh7+ Kh8 25. Bf5 e6 26. Bg6 (26. Bxe6 Bxe6 27. Qg6 (27. Nxe6 $2 Qxa2+ 28. Kc1 Bc3 $19) 27... Nf8 $17) 26... Nf8 27. Qe2 Nxg6 28. Qxh5+ Kg8 29. Qxg6 {Intending Rf7 and mate.} Rc7 30. Nxe6 {White mates.} Re7 31. Bd4 Bxe6 32. Bxg7 {Precision: White = 95%, Black = 34%.} 1-0

[Event "XIX Sants Open 2017"]
[Site "Cotxeres de Sants"]
[Date "2017.08.25"]
[Round "8"]
[White "Petit Montes, Marc"]
[Black "Anjali R  Sagar"]
[Result "1-0"]
[WhiteElo "1948"]
[BlackElo "1813"]
[Annotator "NA RC"]
[PlyCount "31"]
[EventDate "2017.??.??"]
[EventType "swiss"]
[EventCountry "ESP"]
[SourceTitle "playchess.com"]
[Source "ChessBase"]
[SourceQuality "1"]
[TimeControl "40/5400+30:1800+30"]

1. e4 {[%emt 0:02:03]} e5 {[%emt 0:00:08]} 2. Nf3 {[%emt 0:00:03]} Nc6 {[%emt 0:00:08]} 3. d4 {[%emt 0:00:03]} exd4 {[%emt 0:00:11]} 4. Nxd4 {[%emt 0:00:03]} Bc5 {[%emt 0:00:06]} 5. Be3 {[%emt 0:00:35]} Qf6 {[%emt 0:00:11]} 6. Nb5 {[%emt 0:00:49]} Bxe3 {[%emt 0:00:52]} 7. fxe3 {[%emt 0:00:13]} Qh4+ {[%emt 0:05:34]} 8. g3 {[%emt 0:01:28]} Qd8 {[%emt 0:03:10]} 9. Qg4 {[%emt 0:02:05]} Nf6 {[%emt 0:02:57]} 10. Nxc7+ {[%emt 0:11:30]} Qxc7 {[%emt 0:06:55]} 11. Qxg7 {[%emt 0:00:35]} Ke7 {[%emt 0:00:37]} 12. Qxh8 {[%emt 0:01:03]} Qb6 {[%emt 0:00:49]} 13. Nc3 {[%emt 0:02:57]} Qxe3+ {[%emt 0:04:34]} 14. Be2 {[%emt 0:04:25]} Nd4 {[%emt 0:04:33]} 15. Qxf6+ {[%emt 0:01:18]} Kf8 {[%emt 0:02:22]} 16. Qh8+ {[%emt 0:00:08]} 1-0

[Event "XIX Sants Open 2017"]
[Site "Cotxeres de Sants"]
[Date "2017.08.25"]
[Round "8"]
[White "Vargas Drechsler, Carlos"]
[Black "Casset Bello, Elena"]
[Result "0-1"]
[WhiteElo "1913"]
[BlackElo "1936"]
[Annotator "NA RC"]
[PlyCount "124"]
[EventDate "2017.??.??"]
[EventType "swiss"]
[EventCountry "ESP"]
[SourceTitle "playchess.com"]
[Source "ChessBase"]
[SourceQuality "1"]
[TimeControl "40/5400+30:1800+30"]

1. d4 {[%emt 0:00:00]} d5 {[%emt 0:00:14]} 2. Nf3 {[%emt 0:00:24]} Nf6 {[%emt 0:00:12]} 3. c4 {[%emt 0:00:10]} e6 {[%emt 0:00:08]} 4. g3 {[%emt 0:00:10]} Be7 {[%emt 0:00:09]} 5. Bg2 {[%emt 0:00:45]} O-O {[%emt 0:00:15]} 6. O-O {[%emt 0:00:00]} dxc4 {[%emt 0:00:18]} 7. Ne5 {[%emt 0:02:08]} Nc6 {[%emt 0:03:52]} 8. Nxc6 {[%emt 0:01:37]} bxc6 {[%emt 0:00:07]} 9. Bxc6 {[%emt 0:00:41]} Rb8 {[%emt 0:00:36]} 10. Nc3 {[%emt 0:01:21]} Bb7 {[%emt 0:04:00]} 11. Bxb7 {[%emt 0:00:55]} Rxb7 {[%emt 0:00:07]} 12. e4 {[%emt 0:00:51] E05: Open Catalan: 5 Nf3 Be7} (12. e3 Bb4 13. Qf3 Rb8 14. Qe2 Bxc3 15. bxc3 Ne4 16. Qxc4 Qd5 17. Qxd5 exd5 18. c4 dxc4 19. Ba3 Rfe8 {½-½ (54) Cori Tello,J (2549)-Fernandez Garcia,J (2353) Linares 2014}) 12... c5 {[%emt 0:12:51]} 13. e5 {[%emt 0:07:17]} Nd5 $146 {[%emt 0:07:24]} ({Predecessor:} 13... Nd7 14. Qg4 cxd4 15. Bh6 Bf6 16. exf6 Qxf6 17. Bg5 Qg6 18. Nd1 e5 19. Re1 f5 {0-1 (28) Schalkwijk,P (1722)-Hynes,T (1817) Chessfriend.com 2003}) 14. Qg4 {[%emt 0:01:07]} Kh8 {[%emt 0:07:03]} 15. dxc5 {[%emt 0:02:43]} Nxc3 {[%emt 0:12:28]} 16. bxc3 {[%emt 0:03:28]} Qd5 {[%emt 0:04:43]} 17. Rd1 Qxc5 {[%emt 0:04:38]} 18. Be3 {[%emt 0:08:13]} Qxe5 {[%emt 0:13:12]} 19. Qxc4 {[%emt 0:01:53]} Rc7 {[%emt 0:02:17]} 20. Qg4 {[%emt 0:06:54]} f5 {[%emt 0:05:05]} 21. Bd4 {[%emt 0:02:12]} fxg4 {[%emt 0:00:45]} 22. Bxe5 {[%emt 0:02:55]} Rb7 {[%emt 0:09:12]} 23. Rab1 {[%emt 0:03:22]} Rxb1 {[%emt 0:00:12]} 24. Rxb1 {[%emt 0:00:04]} Bf6 {[%emt 0:02:38]} 25. Bxf6 {[%emt 0:01:50]} gxf6 {[%emt 0:00:01]} 26. Rb7 {[%emt 0:00:20]} a5 {[%emt 0:03:36]} 27. Ra7 {[%emt 0:00:39]} Rc8 {[%emt 0:00:14]} 28. Rxa5 {[%emt 0:00:55]} Kg7 {[%emt 0:00:22]} 29. Ra3 {[%emt 0:01:09]} Kg6 {[%emt 0:00:10]} 30. Kf1 {[%emt 0:00:26]} Rc5 {[%emt 0:02:15]} 31. Ke2 {[%emt 0:02:22]} Re5+ {[%emt 0:01:43]} 32. Kd3 {[%emt 0:00:26]} Rh5 {[%emt 0:00:03]} 33. c4 {[%emt 0:02:20]} Rxh2 {[%emt 0:00:09]} 34. Ke3 {[%emt 0:00:59]} h5 {[%emt 0:03:12]} 35. c5 {[%emt 0:01:27]} h4 {[%emt 0:00:27]} 36. c6 {[%emt 0:01:51]} hxg3 {[%emt 0:00:16]} 37. fxg3 {[%emt 0:01:53]} Rc2 {[%emt 0:00:02]} 38. Ra6 {[%emt 0:00:58]} f5 {[%emt 0:01:29]} 39. a4 {[%emt 0:01:32]} Kf6 {[%emt 0:00:25]} 40. a5 {[%emt 0:00:00]} Ke5 {[%emt 0:02:00]} 41. Rb6 {[%emt 0:05:13]} Kd6 {[%emt 0:02:16]} 42. a6 {[%emt 0:04:48]} (42. c7+ $5 Kd7 43. a6 Rxc7 44. Kd4 $11) 42... Kc7 {[%emt 0:00:58]} 43. a7 {[%emt 0:01:03]} Ra2 {[%emt 0:00:19]} 44. Rb7+ {[%emt 0:00:19]} Kxc6 {[%emt 0:00:29]} 45. Re7 {[%emt 0:00:30]} Kd6 {[%emt 0:00:26]} 46. Rb7 {[%emt 0:00:08]} Kc6 {[%emt 0:00:37]} 47. Re7 {[%emt 0:00:04]} Kd6 {[%emt 0:00:43]} 48. Rb7 e5 {[%emt 0:07:41]} 49. Rf7 $2 {[%emt 0:01:44]} ({White has to play} 49. Rb6+ $1 $15 Kc5 50. Rb7) 49... Ke6 {[%emt 0:00:16]} 50. Rb7 {[%emt 0:00:22]} (50. Rc7 {was called for.} Ra3+ 51. Kf2) 50... Ra3+ {[%emt 0:01:02]} 51. Kf2 {[%emt 0:03:03] [#]} f4 $1 {[%emt 0:01:42]} 52. Rg7 {[%emt 0:03:25]} Ra2+ {[%emt 0:00:57]} 53. Kf1 {[%emt 0:01:11]} Kf5 {[%emt 0:00:55]} 54. gxf4 {[%emt 0:09:25]} exf4 {[%emt 0:00:28]} 55. Rb7 {[%emt 0:02:42]} Kg5 {[%emt 0:08:27]} 56. Rh7 {[%emt 0:01:49]} f3 {[%emt 0:01:18]} 57. a8=Q {[%emt 0:02:06]} Rxa8 {[%emt 0:00:20]} 58. Kf2 {[%emt 0:00:01]} Ra2+ {[%emt 0:01:25]} 59. Ke3 {[%emt 0:00:08]} Re2+ {[%emt 0:01:02]} 60. Kd3 {[%emt 0:00:02]} Re6 {[%emt 0:00:46]} 61. Rh8 {[%emt 0:00:52]} f2 {[%emt 0:01:20]} 62. Rg8+ {[%emt 0:00:36]} Kh4 {[%emt 0:01:31]} (62... Rg6 $19 63. Rf8 Rf6 64. Rg8+ Kh6 65. Rh8+ Kg7) 0-1

[Event "XIX Sants Open 2017"]
[Site "Cotxeres de Sants"]
[Date "2017.08.25"]
[Round "8"]
[White "Sole Gonzalez, Edgar"]
[Black "Schilling, Florian"]
[Result "1/2-1/2"]
[WhiteElo "1866"]
[BlackElo "1892"]
[Annotator "NA RC"]
[PlyCount "112"]
[EventDate "2017.??.??"]
[EventType "swiss"]
[EventCountry "ESP"]
[SourceTitle "playchess.com"]
[Source "ChessBase"]
[SourceQuality "1"]
[TimeControl "40/5400+30:1800+30"]

{[%evp 12,110,43,32767,32767,32767,32767,32767,32767,126,32767,32767,32767,32767,32767,32767,107,32767,32767,32767,210,32767,32767,32767,32767,32767,32767,32767,32767,32767,32767,32767,147,32767,32767,128,32767,32767,148,108,104,106,32767,32767,32767,32767,32767,32767,32767,32767,32767,32767,32767,160,149,32767,147,137,147,145,160,154,152,151,135,133,160,37,37,47,57,50,39,50,49,39,40,40,39,26,70,-306,-279,-343,-414,-350,-97,-92,-94,-102,-127,-160,-106,-144,-58,0,0,0,0,0,0]} 1. d4 f5 2. c4 Nf6 3. Nc3 b6 4. Bf4 Bb7 5. e3 e6 6. Nf3 Ne4 {A40: Unusual replies to 1 d4} 7. Bd3 Be7 8. O-O (8. Qc2 Nxc3 9. Qxc3 O-O 10. h4 c5 11. O-O-O Bxf3 12. gxf3 cxd4 13. exd4 {0-1 (44) Andreasen,J (2219)-Miezis,N (2494) Koge 2015}) 8... O-O 9. Nd2 Bg5 $146 ({Predecessor:} 9... Nxc3 10. bxc3 d6 11. f3 e5 12. Bg3 Nd7 13. Qc2 g6 {½-½ (46) Cavatorta,F (1905)-Vezzani,S (2183) Imperia 2011}) 10. Bxe4 fxe4 11. Bxg5 Qxg5 12. Ncxe4 Qg6 13. Ng3 Na6 14. Qb1 Qg4 15. b4 Rae8 (15... d6 $16 16. a4 (16. b5 Nb8 $16) 16... c5) 16. b5 Nb8 17. Qd1 Qg6 18. Qh5 Qc2 19. Qe2 e5 20. d5 a5 21. Nde4 Qxe2 22. Nxe2 d6 23. N2g3 Bc8 24. f3 Nd7 25. Rf2 Nf6 26. Nxf6+ Rxf6 27. Raf1 h6 28. Ne4 Rf5 29. g4 Rf7 30. Kg2 Bd7 31. Rg1 Ref8 32. h3 Kh8 33. Nd2 Re7 34. Kf1 Be8 35. Ke2 Bg6 36. Rgf1 Kg8 37. h4 h5 38. gxh5 Bxh5 39. e4 (39. Ne4 $16) 39... Rf4 40. Rh1 Ref7 41. Rh3 Bg4 42. Rg3 Bh5 43. Rh2 Kf8 44. Ke3 R7f6 45. Rhh3 Be8 46. Rg4 $2 (46. h5 $14 {stays ahead.}) 46... Bd7 47. Rhg3 Bxg4 48. fxg4 Rg6 $2 (48... Rf2 $19 49. g5 R6f4) 49. g5 Rxh4 50. Rf3+ Ke7 51. Rf5 (51. Rg3 $142) 51... Rg4 52. Nf3 {[#]} Rg2 (52... a4 $1 $19 53. a3 Ke8) 53. a4 Ke8 54. Kd3 Rg4 55. Ke3 Rg2 $11 56. Kd3 Rg4 1/2-1/2

[Event "XIX Sants Open 2017"]
[Site "Cotxeres de Sants"]
[Date "2017.08.25"]
[Round "8"]
[White "Forte Esparza, Miguel"]
[Black "Abdelkader Garstka, Adam"]
[Result "1-0"]
[WhiteElo "1602"]
[BlackElo "1612"]
[Annotator "NA RC"]
[PlyCount "47"]
[EventDate "2017.??.??"]
[EventType "swiss"]
[EventCountry "ESP"]
[SourceTitle "playchess.com"]
[Source "ChessBase"]
[SourceQuality "1"]
[TimeControl "40/5400+30:1800+30"]

1. e4 {[%emt 0:00:00]} c5 {[%emt 0:00:52]} 2. c3 {[%emt 0:00:00]} e6 {[%emt 0:00:53]} 3. d4 {[%emt 0:00:05]} d5 {[%emt 0:00:36]} 4. e5 {[%emt 0:00:09]} Nc6 {[%emt 0:00:45]} 5. Nf3 {[%emt 0:00:06]} cxd4 {[%emt 0:01:12]} 6. cxd4 {[%emt 0:00:06]} Nge7 {[%emt 0:01:26]} 7. a3 {[%emt 0:01:33]} Nf5 {[%emt 0:03:47]} 8. b4 {[%emt 0:00:38]} Be7 {[%emt 0:03:44]} 9. Bb2 {[%emt 0:00:30]} Bd7 {[%emt 0:02:31]} 10. Nc3 {[%emt 0:05:09]} a6 {[%emt 0:04:06]} 11. Rc1 {[%emt 0:06:15]} O-O {[%emt 0:04:01]} 12. Be2 {[%emt 0:00:22]} f6 {[%emt 0:05:51]} 13. O-O {[%emt 0:08:57]} fxe5 {[%emt 0:07:15]} 14. dxe5 {[%emt 0:02:23]} Bg5 {[%emt 0:11:16]} 15. Nxg5 {[%emt 0:01:00]} Qxg5 {[%emt 0:00:26]} 16. Nxd5 {[%emt 0:13:47]} exd5 {[%emt 0:33:24]} 17. Qxd5+ {[%emt 0:00:10]} Rf7 {[%emt 0:00:13]} 18. e6 {[%emt 0:00:08]} Bxe6 {[%emt 0:00:57]} 19. Qxe6 {[%emt 0:00:07]} Ncd4 {[%emt 0:01:11]} 20. Rc8+ {[%emt 0:01:11]} Qd8 {[%emt 0:03:11]} 21. Rxd8+ {[%emt 0:00:13]} Rxd8 {[%emt 0:00:04]} 22. Bxd4 {[%emt 0:00:37]} Nxd4 {[%emt 0:03:52]} 23. Qg4 {[%emt 0:00:36]} Rf4 {[%emt 0:01:10]} 24. Bc4+ {Ra8} 1-0

[Event "XIX Sants Open 2017"]
[Site "Cotxeres de Sants"]
[Date "2017.08.25"]
[Round "8"]
[White "Lopez Arjona, Emilio"]
[Black "Ferre Navarro, Joan"]
[Result "0-1"]
[WhiteElo "1547"]
[BlackElo "1594"]
[Annotator "NA RC"]
[PlyCount "89"]
[EventDate "2017.??.??"]
[EventType "swiss"]
[EventCountry "ESP"]
[SourceTitle "playchess.com"]
[Source "ChessBase"]
[SourceQuality "1"]
[TimeControl "40/5400+30:1800+30"]

1. e4 {[%emt 0:00:00]} g6 {[%emt 0:00:24]} 2. d4 {[%emt 0:00:11]} Bg7 {[%emt 0:00:07]} 3. Nc3 {[%emt 0:00:58]} a6 {[%emt 0:00:12]} 4. Be3 {[%emt 0:01:33]} d6 {[%emt 0:00:22]} 5. Bc4 {[%emt 0:02:52]} Nf6 {[%emt 0:02:01]} 6. f3 {[%emt 0:00:29]} Nbd7 {[%emt 0:00:31]} 7. a3 {[%emt 0:03:33]} c5 {[%emt 0:07:46]} 8. a4 {[%emt 0:11:54]} b6 {[%emt 0:05:48]} 9. Qd2 {[%emt 0:01:07]} cxd4 {[%emt 0:02:51]} 10. Bxd4 {[%emt 0:01:44]} Bb7 {[%emt 0:00:51]} 11. Nge2 {[%emt 0:01:48]} Rc8 {[%emt 0:04:23]} 12. Bb3 {[%emt 0:01:32]} Nc5 {[%emt 0:03:59]} 13. Bd5 {[%emt 0:05:09]} O-O {[%emt 0:05:11]} 14. Bxb7 {[%emt 0:04:07]} Nxb7 {[%emt 0:00:19]} 15. O-O {[%emt 0:07:46]} Nc5 {[%emt 0:00:30]} 16. Be3 {[%emt 0:01:14]} Nfd7 {[%emt 0:03:55]} 17. Bd4 {[%emt 0:04:01]} Ne5 {[%emt 0:01:08]} 18. b3 {[%emt 0:03:14]} e6 {[%emt 0:04:37]} 19. Rac1 {[%emt 0:02:49]} Qc7 {[%emt 0:01:30]} 20. Kh1 {[%emt 0:09:26]} Ncd7 {[%emt 0:04:22]} 21. Be3 {[%emt 0:03:11]} Nf6 {[%emt 0:06:59]} 22. Bh6 {[%emt 0:02:50]} Rfd8 {[%emt 0:02:03]} 23. Bxg7 {[%emt 0:02:15]} Kxg7 {[%emt 0:00:15]} 24. f4 {[%emt 0:07:48]} Ned7 {[%emt 0:02:25]} 25. Rf3 {[%emt 0:02:08]} Qc5 {[%emt 0:01:56]} 26. Nb1 {[%emt 0:02:43]} Nxe4 {[%emt 0:03:43]} 27. Qe1 {[%emt 0:01:18]} Ndf6 {[%emt 0:01:24]} 28. Ng3 {[%emt 0:00:39]} d5 {[%emt 0:01:32]} 29. Nxe4 {[%emt 0:03:29]} Nxe4 {[%emt 0:00:27]} 30. h3 {[%emt 0:01:49]} Rc7 {[%emt 0:01:43]} 31. Kh2 {[%emt 0:00:50]} Rdc8 {[%emt 0:02:29]} 32. c4 {[%emt 0:04:33]} Qd6 {[%emt 0:01:12]} 33. Rd1 {[%emt 0:01:25]} Nf6 {[%emt 0:03:52]} 34. Qc3 {[%emt 0:02:39]} Rd7 {[%emt 0:03:02]} 35. Rd4 {[%emt 0:01:27]} Kg8 {[%emt 0:00:35]} 36. Nd2 {[%emt 0:00:35]} Qb8 {[%emt 0:00:51]} 37. g3 {[%emt 0:00:46]} b5 {[%emt 0:00:54]} 38. axb5 {[%emt 0:00:36]} axb5 {[%emt 0:00:17]} 39. h4 {[%emt 0:00:47]} Ng4+ {[%emt 0:01:15]} 40. Kh3 {[%emt 0:00:00]} h5 {[%emt 0:00:13]} 41. Kg2 {[%emt 0:02:58]} Qb6 {[%emt 0:00:50]} 42. Qc2 {[%emt 0:02:37]} Qxd4 {[%emt 0:01:34]} 43. Nf1 {[%emt 0:01:22]} bxc4 {[%emt 0:00:28]} 44. Rd3 {[%emt 0:01:51]} Qxd3 {[%emt 0:00:42]} 45. Qc3 0-1

[Event "XIX Sants Open 2017"]
[Site "Cotxeres de Sants"]
[Date "2017.08.25"]
[Round "8"]
[White "Lopez Oliva, Victor"]
[Black "Segura Ruiz, Carlos"]
[Result "0-1"]
[WhiteElo "1530"]
[BlackElo "1414"]
[Annotator "NA RC"]
[PlyCount "87"]
[EventDate "2017.??.??"]
[EventType "swiss"]
[EventCountry "ESP"]
[SourceTitle "playchess.com"]
[Source "ChessBase"]
[SourceQuality "1"]
[TimeControl "40/5400+30:1800+30"]

1. e4 c6 2. Nc3 d5 3. Nf3 dxe4 4. Nxe4 Nf6 5. Nxf6+ exf6 6. Bc4 Be7 7. O-O O-O 8. d4 Bg4 9. c3 b5 10. Bb3 Na6 11. h3 Bh5 12. a3 Nc7 13. Bf4 Nd5 14. Bg3 Bd6 15. Bxd5 cxd5 16. Bxd6 Qxd6 17. Qd3 Qf4 18. a4 Bxf3 19. Qxf3 Qxf3 20. gxf3 a5 21. axb5 Rfb8 22. Ra2 Rxb5 23. Rfa1 Rd8 24. Rxa5 Rxb2 25. Ra8 Rbb8 26. Rxb8 Rxb8 27. Ra5 Rd8 28. Rc5 Kf8 29. c4 dxc4 30. Rxc4 Ke7 31. Kf1 Kd6 32. Ke2 Rd7 33. Kd3 Ra7 34. Ke4 g6 35. d5 Rc7 36. Rxc7 Kxc7 37. h4 h5 38. f4 Kd6 39. f3 Kc5 40. d6 Kxd6 41. Kd4 Kc6 42. Ke4 Kc5 43. Kd3 Kd5 44. Ke3 0-1

[Event "XIX Sants Open 2017"]
[Site "Cotxeres de Sants"]
[Date "2017.08.26"]
[Round "9"]
[White "Oparin, Grigoriy"]
[Black "Jumabayev, Rinat"]
[Result "1/2-1/2"]
[WhiteElo "2609"]
[BlackElo "2610"]
[Annotator "TA"]
[PlyCount "51"]
[EventDate "2017.??.??"]
[EventType "swiss"]
[EventCountry "ESP"]
[SourceTitle "playchess.com"]
[Source "ChessBase"]
[SourceQuality "1"]

{[%evp 22,51,66,62,55,60,70,66,59,59,58,55,57,54,55,0,0,0,0,0,0,0,0,0,0,0,0,0,0,0,0,0]} 1. e4 c5 2. Nf3 d6 3. d4 cxd4 4. Nxd4 Nf6 5. Nc3 a6 6. h3 e6 7. g4 h6 8. Bg2 g5 9. b3 {B81: Sicilian Scheveningen: Keres Attack} (9. Be3 Nbd7 10. Qe2 Ne5 11. O-O-O Nfd7 12. h4 Rg8 13. hxg5 hxg5 14. Kb1 b5 15. a3 Bb7 16. Bc1 Rc8 {0-1 (48) Dominguez Perez,L (2739)-Kasparov,G (2812) Saint Louis 2017}) 9... Nbd7 10. Bb2 Ne5 11. Qd2 Bd7 12. O-O-O {LiveBook: 3 Games} Qc7 13. Kb1 $146 ({Find the theoretical novelty and annotate with similar games:} 13. f4 gxf4 14. Nce2 Be7 15. Nxf4 O-O-O 16. Kb1 Kb8 {1-0 (62) Shirov,A (2700)-Akopian,V (2660) Groningen 1997}) 13... Ng6 14. Nde2 Be7 15. f4 gxf4 16. Nxf4 Ne5 17. Rhf1 O-O-O 18. Nfd5 ({White should try} 18. Nd3 $14) 18... exd5 $11 {[#]The position is equal.} 19. Rxf6 $1 {[%mdl 512]} Bxf6 20. Nxd5 Bg5 21. Qb4 Nc6 22. Qc3 Qb8 $1 ({But not} 22... Qa5 $6 23. b4 $16) 23. Nb6+ Kc7 24. Nd5+ Kc8 {[#] White must now prevent ...Be6.} 25. Nb6+ Kc7 26. Nd5+ 1/2-1/2

[Event "XIX Sants Open 2017"]
[Site "Cotxeres de Sants"]
[Date "2017.08.26"]
[Round "9"]
[White "Agdestein, Simen"]
[Black "Martin, Julian"]
[Result "1/2-1/2"]
[WhiteElo "2604"]
[BlackElo "2353"]
[Annotator "TA"]
[PlyCount "82"]
[EventDate "2017.??.??"]
[EventType "swiss"]
[EventCountry "ESP"]
[SourceTitle "playchess.com"]
[Source "ChessBase"]
[SourceQuality "1"]

{[%evp 10,82,19,0,36,0,44,57,42,54,38,44,52,41,58,60,79,83,89,56,62,60,62,73,67,58,88,87,100,93,145,143,141,117,117,110,112,112,109,84,84,81,95,-8,0,-8,-8,-112,-112,-112,-112,-171,-142,-145,-103,-110,-65,-109,-73,-71,-61,-61,-47,-61,-24,-41,0,0,0,-29,-30,-31,-20,-26,-13]} 1. c4 Nf6 2. Nc3 e5 3. g3 c6 4. d4 e4 5. Bg5 (5. c5 b6 6. Bg5 bxc5 7. Nxe4 Qa5+ 8. Bd2 Qb6 9. dxc5 Bxc5 10. Nxc5 Qxc5 11. Bg2 Ng4 12. Nh3 {1-0 (24) Movsesian,S (2673)-Navara,D (2725) Prague 2016}) 5... Bb4 6. Qb3 {LiveBook: 3 Games. A23: English Opening: 1...e5 2 Nc3 Nf6 3 g3 c6} Bxc3+ 7. Qxc3 O-O (7... d6 {looks sharper.} 8. Bxf6 Qxf6 9. Bg2 Qe7 10. Qc2 Bf5) 8. d5 {White is slightly better.} cxd5 $146 ({Predecessor:} 8... Nxd5 9. Bxd8 Nxc3 10. Bc7 Re8 11. Bd6 {1-0 (71) Damljanovic,B (2564)-Volkov,S (2594) Kavala 2012}) 9. Bxf6 Qxf6 10. Qxf6 gxf6 11. cxd5 b6 12. Nh3 Bb7 13. Nf4 Re8 14. Bh3 Re5 15. O-O Bxd5 16. Nxd5 Rxd5 17. Rfd1 $36 {[%mdl 2048] White has good play.} Rc5 18. b4 {[%mdl 1024] White has strong compensation.} Rh5 19. Bg2 Re5 (19... d5 $142) 20. f4 $16 Re7 21. b5 d5 22. Rxd5 Nd7 23. Bh3 Nc5 24. Rd6 Nb7 25. Rxf6 Rd8 26. Bf5 (26. Rc6 $16) 26... Rd5 $11 {And now ...Kg7 would win.} 27. g4 Nd6 28. Kf2 {[#]} (28. Rh6 $1 $11 {keeps the balance.}) 28... Kg7 $1 $17 {[%cal Rg7f6]} 29. Rxd6 Rxd6 {[%mdl 4096] Endgame KRR-KRB} 30. Ke3 (30. Rc1 $17) 30... Rd5 31. Rb1 Rc5 32. Rb4 Rc3+ 33. Kd2 Ra3 {...e3+ is the strong threat.} 34. Bxe4 Rxa2+ 35. Ke1 Rc7 36. Kf2 Rc3 37. Rd4 a6 38. bxa6 Rxa6 39. Rb4 Rh3 40. Kg2 Re3 41. Bd3 Ra2 {Precision: White = 64%, Black = 64%.} 1/2-1/2